| 000 | 01970nam a2200421 c 4500 | ||
|---|---|---|---|
| 003 | BLK | ||
| 005 | 20180422100129.0 | ||
| 008 | 180407b bul|||||r ||||||| ||bul|| | ||
| 010 | _aKNG00035307000 | ||
| 020 |
_a954-642-116-2 _bиздат.: Pensoft |
||
| 040 | _aBLK | ||
| 041 |
_aBUL _cBUL |
||
| 080 |
_a _b639.11/.12 _x(497.2)(035) _z639.11/.12(497.2)(035) |
||
| 080 |
_a _b598.2/.6 _x(497.2)(035) _z598.2/.6(497.2)(035) |
||
| 080 |
_aМлекопитаещи животни, бозайници, Mammalia _b599 _x(497.2)(035) _z599(497.2)(035) |
||
| 100 | 1 |
_aМихайлов, Христо Денчев _eпърви автор _9272434 |
|
| 700 | 1 |
_aСтоянов, Стоян _eсъавт. _gИванов, Стоян Стоянов _9366035 |
|
| 139 |
_aМихайлов, Христо Денчев и др. _bМ 74 |
||
| 245 | 1 | 0 |
_aЛовни птици и бозайници в България _bПракт. ръководство _cХристо Денчев Михайлов; съавт. Стоян Стоянов. |
| 257 | _aBGR | ||
| 260 |
_аСофия _bPensoft _c2001 _fСофия : Унив. изд. Св. Кл. Охридски |
||
| 300 |
_a208 с. _bс ил., к., диагр., 16 л. : цв. ил. _c25 см |
||
| 380 | _a63 | ||
| 500 | _aОфс. изд. - Библиогр. с. 194-196 ; Азб. показалец на бълг. и лат. наименования на разредите, семействата и видове птици и бозайници. | ||
| 504 | _a194-196 | ||
| 650 | 4 |
_aПтици, ловни - България - справочници _9272435 |
|
| 650 | 4 |
_aЖивотни, диви - България - справочници _9272436 |
|
| 653 | _aптици | ||
| 653 | _aбозайници | ||
| 653 | _aБългария | ||
| 653 | _aдиви животни | ||
| 653 | _aдивеч | ||
| 852 | _aЦб 207584 | ||
| 856 | 4 |
_qpdf _u |
|
| 856 | 4 |
_qpdf _u |
|
| 942 |
_cKNG _n0 |
||
| 944 |
_aCR _c15.01.2003 _kКети_Илиева |
||
| 944 |
_aED _c01.02.2013 _k |
||
| 999 |
_c32630 _d32630 |
||